Sports Quiz

Random Sports or Football Quiz

Name That Conference Quiz Stats

 Plays Quiz Updated Nov 15, 2017

Score 0/23 Timer 03:00
7 Plays Today
Team Conference % Correct
Ohio State BuckeyesBig Ten
98.2%
Georgia BulldogsSoutheastern Conference
95%
UCLA BruinsPac-12
94.1%
North Carolina Tar HeelsAtlantic Coast Conference
92.7%
Virginia Tech HokiesAtlantic Coast Conference
85.7%
Wisconsin BadgersBig Ten
85%
Alabama Crimson TideSoutheastern Conference
85%
West Virginia MountaineersBig 12
84.3%
Baylor BearsBig 12
84.1%
Missouri TigersSoutheastern Conference
83.3%
Stanford CardinalPac-12
80.3%
Notre Dame Fighting IrishIndependent
79.5%
Team Conference % Correct
Boise State BroncosMountain West
74.5%
Rutgers Scarlet KnightsBig Ten
73.9%
Navy MidshipmenAmerican Athletic Conference
66.9%
Utah UtesPac-12
60.3%
Akron ZipsMid-American Conference
59%
Nevada Wolf PackMountain West
58%
East Carolina PiratesAmerican Athletic Conference
48.2%
Houston CougarsAmerican Athletic Conference
47.4%
Western Michigan BroncosMid-American Conference
47.2%
Troy TrojansSun Belt
37.5%
Texas State BobcatsSun Belt
35.3%

You're not logged in!

Compare scores with friends on all Sporcle quizzes.
OR
Log In

Sporcle TV

Today on Sporcle TV


Watch our educational content, quiz creation guides, and fun videos on Sporcle TV.

Show Comments

Extras

Top Quizzes Today


Score Distribution

Your Account Isn't Verified!

In order to create a playlist on Sporcle, you need to verify the email address you used during registration. Go to your Sporcle Settings to finish the process.

Report this User

Report this user for behavior that violates our Community Guidelines.

Details: